ABC (Record no. 799609)

MARC details
000 -LEADER
fixed length control field 00446nam a22001697r 4500
003 - CONTROL NUMBER IDENTIFIER
control field 3228
005 - DATE AND TIME OF LATEST TRANSACTION
control field 20260603131011.0
008 - FIXED-LENGTH DATA ELEMENTS--GENERAL INFORMATION
fixed length control field 260603b sa ||||| |||| 00| 0 eng d
020 ## - INTERNATIONAL STANDARD BOOK NUMBER
International Standard Book Number 9780001954652
Qualifying information Hardcover
040 ## - CATALOGING SOURCE
Transcribing agency 3228
Description conventions Resource Description and Access
082 #0 - DEWEY DECIMAL CLASSIFICATION NUMBER
Classification number EKF SME
100 ## - MAIN ENTRY--PERSONAL NAME
9 (RLIN) 107884
Personal name SMEE, Nicola
245 ## - TITLE STATEMENT
Title ABC
260 ## - PUBLICATION, DISTRIBUTION, ETC.
Place of publication, distribution, etc. London;
Name of publisher, distributor, etc. HarperCollins Publishers,
Date of publication, distribution, etc. 1990
300 ## - PHYSICAL DESCRIPTION
Extent Unnumbered
Other physical details Colour Illustrations
Dimensions 20 cm
942 ## - ADDED ENTRY ELEMENTS
Source of classification or shelving scheme Dewey Decimal Classification
item type Book
-- 377
-- Lungile Vilakazi
-- 377
-- Lungile Vilakazi
Holdings
Withdrawn status Lost status Source of classification or shelving scheme Damaged status Not for loan Collection code Home library Current library Shelving location Date acquired Total Checkouts Full call number Barcode Date last seen Price effective from item type
    Dewey Decimal Classification     Nursery Milan Park Milan Park Children's Area 03.06.2026   EKF SME 33228013682982 03.06.2026 03.06.2026 Book